| 000 | 01254cam a2200217 4500 | ||
|---|---|---|---|
| 001 | L137024 | ||
| 008 | 070309s2007 xxk f 000 0 eng d | ||
| 020 | _a9780101700924 | ||
| 035 | _a(Sirsi) u137024 | ||
| 041 | 0 | _aeng | |
| 110 | 2 |
_aRoyal Commission on Environmental Pollution _92335 |
|
| 245 | 0 | 4 |
_aThe urban environment _b26th report _h[electronic resource] |
| 260 |
_aLondon _bTSO _c2007 |
||
| 505 | 2 | _aThe urban environment -- Current context -- Health and wellbeing -- The natural urban environment -- The built urban environment -- Getting the framework right. | |
| 520 | _aConsiders UK policies on the urban environment and the situations they address. Identifies four priority themes: sustainable urban transport; sustainable urban management (Local Agenda 21, EMAS, indicators); sustainable urban construction (resource and energy efficiency, demolition waste, design issues); and sustainable urban design (land use-regeneration, brown field sites, urban sprawl, land use densities). | ||
| 590 | _aKA NTK | ||
| 651 | 4 |
_aUnited Kingdom _y |
|
| 690 | _aENVIRONMENTAL AND LAND CONSULTANCY-SUSTAINABILITY | ||
| 856 | 4 | 8 |
_uhttps://www.rcep.org.uk/urbanenvironment.htm _zView the report free of charge online at www.rcep.org.uk... |
| 942 | _n0 | ||
| 999 |
_c106602 _d106602 |
||